Statistics for Game Of Thrones - the known Ancestral Valyrian Steel Swords

Click here to take the quiz!

General Stats

  • This quiz has been taken 264 times
    (241 since last reset)
  • The average score is 6 of 12

Answer Stats

HintAnswer% Correct
The two handed greatsword that is the ancestral sword of house StarkIce
99%
'Bastard' sized Valyrian steel sword, in the possession of House Mormont for five centuriesLongclaw
84%
Answer to 1, melted down to create the Valyrian steel sword given to Jaime before in turn being handed to Brienne of TarthOath Keeper
82%
Answer to 1, melted down to create the Valyrian steel sword given to Joffrey and then handed down to TommenWidows Wail
77%
house Targaryens ancestral Valyrian steel sword, once wielded by Visenya TargeryenDark Sister
47%
house Targaryens ancestral Valyrian steel sword, once wielded by Aegon the ConquerorBlackfyre
46%
The ancestral Valyrian Steel sword of House TarlyHeartsbane
43%
The ancestral Valyrian Steel sword of House Lannister, lost by King Tommen II Lannister when on his expedition to Valyria.BrightRoar
33%
The ancestral Valyrian Steel sword of House CorbrayLady Forlorn
16%
Valyrian Steel Sword of House DrummRed Rain
14%
The ancestral blade of House HarlawNightfall
8%
The ancestral sword of House Hightower. Its last known owner was Lord Ormund HightowerVigilance
5%

Score Distribution

Percentile by Number Answered

Percent of People with Each Score

Your Score History

You have not taken this quiz since the last reset